Visualizzazione normale
Vista MARC
- Lovens Paul
di Personal Name
Records bibliografici associati: 1
001 - CONTROL NUMBER
- control field: 31147
003 - CONTROL NUMBER IDENTIFIER
- control field: IT-RoPau
005 - DATE AND TIME OF LATEST TRANSACTION
- control field: 20140621223237.0
008 - FIXED-LENGTH DATA ELEMENTS
- fixed length control field: 140621|| aca||aabn | a|a d
040 ## - CATALOGING SOURCE
- Original cataloging agency: IT-RoPau
- Transcribing agency: IT-RoPau
100 ## - HEADING--PERSONAL NAME
- Personal name: Lovens Paul
- Dates associated with a name: Codice autore testo/musica SPICS: 46255
- Relator term: Autore testo/musica
- Name of part/section of a work: Ressurrection of Yarak
670 ## - SOURCE DATA FOUND
- Source citation: Work cat.: (IT-RoPau)99321: AA.VV. 794, Fmp Free Music Production Story